Páteř ekonomiky. Železnice a státní dopravní politika.
Príčiny vzniku platobnej neschopnosti ČSD (skoro 5 mld Kčs). Opatrenia a programová stratégia železničnej dopravy, ktoré by mali viesť k modernizácii čs. železničnej dopravy, k tomu, aby železnice fungovali ako racionálny subjekt trhového hospodárstva. Úlohy, ktoré treba splniť, aby sa čs. železnice...
Guardado en:
| Autor principal: | |
|---|---|
| Formato: | Capítulo de libro |
| Lenguaje: | checo |
| Materias: | |
| Etiquetas: |
Sin Etiquetas, Sea el primero en etiquetar este registro!
|
MARC
| LEADER | 00000naa a2200000 4500 | ||
|---|---|---|---|
| 001 | r006243 | ||
| 005 | 20221125080150.6 | ||
| 041 | 0 | |a cze | |
| 044 | |a [CS] | ||
| 245 | 1 | 0 | |a Páteř ekonomiky. |b Železnice a státní dopravní politika. |c J. Ečer |
| 520 | |a Príčiny vzniku platobnej neschopnosti ČSD (skoro 5 mld Kčs). Opatrenia a programová stratégia železničnej dopravy, ktoré by mali viesť k modernizácii čs. železničnej dopravy, k tomu, aby železnice fungovali ako racionálny subjekt trhového hospodárstva. Úlohy, ktoré treba splniť, aby sa čs. železnice mohli zapojiť do dopravného systému ES. Návrh na zmluvné riešenie vzťahov medzi štátom a železnicou a nutnosť zdokonalenia dopravnej politiky. | ||
| 610 | 2 | 0 | |a insolventnosť |
| 610 | 2 | 0 | |a ČSD |
| 610 | 2 | 0 | |a doprava železničná |
| 610 | 2 | 0 | |a politika dopravná |
| 610 | 2 | 0 | |a Európske spoločenstvá |
| 610 | 2 | 0 | |a hospodárstvo trhové |
| 610 | 2 | 0 | |a ČSFR |
| 100 | 1 | |a Ečer, J. | |